La célula.
Guardado en:
| Formato: | |
|---|---|
| Materias: | |
| Etiquetas: |
Agregar Etiqueta
Sin Etiquetas, Sea el primero en etiquetar este registro!
|
| LEADER | 00928ngm a22002535g 4500 | ||
|---|---|---|---|
| 001 | CEM.cems022892 | ||
| 008 | 130507b2008##################0###0#####d | ||
| 005 | 20241126141356.0 | ||
| 245 | 0 | 0 | |a La célula. |
| 300 | |a 29'. | ||
| 500 | |a En soporte VHS, consultar en ventanilla. | ||
| 505 | 0 | |a La célula: eucariotas y procariotas. Proteínas. Levaduras y protozoos. Bacterias que alteran la célula. Síndrome urémico hemolítico. ARN: división celular. Comunicación entre células. Muerte celular. | |
| 538 | |a Soporte: VHS - Norma: Pal N - Color: Si - Grabación DRD 2008 - Hitachi=3260. | ||
| 082 | 6 | 1 | |/ BIO |
| 653 | |a BIOLOGIA | ||
| 653 | |a CELULA | ||
| 653 | |a EUCARIOTAS | ||
| 653 | |a PROCARIOTAS | ||
| 653 | |a PROTEINAS | ||
| 653 | |a ARN | ||
| 653 | |a SINDROME UREMICO HEMOLITICO | ||
| 653 | |a NIVEL PRIMARIO | ||
| 653 | |a NIVEL SECUNDARIO | ||
| 859 | |a CEMS |b BIB. CEMS - Depto. Recursos Didacticos |h 611 |i BIO |k DRD |p 1535.12 |t Ej.1 | ||
